000
00332cam a2200145ua 4500
041
_a
hin
_h
082
_a
891.43
_b
YAS/DA
100
_a
Yashpal, .
245
_a
Da-Da Kamramam /
_c
Yashpal.
_h
Textual Documents
260
_a
:
_b
Vilave Kangalam ,
_c
1948.
300
_a
238 ; .
504
_a
942
_c
BK
999
_c
2546
_d
2546